000
00200nam a2200073Ia 4500
008
170524s9999 xx 000 0 und d
100
_a
FISCHER- DONALD E
245
0
_a
SECURITY ANALYSIS & PORTFOLIO MANAGEMENT
260
_b
PHI NEW DELHI
999
_c
8097
_d
8097